[Event "Moquegua Ilo GP"]
[Site "Moquegua Ilo"]
[Date "2017.11.03"]
[Round "4"]
[White "Canaza, Richard"]
[Black "Loayza Pachao, Carlos Franco"]
[Result "1-0"]
[WhiteElo "2024"]
[BlackElo "1324"]
[PlyCount "56"]
[EventDate "2017.11.01"]
[EventType "swiss"]
[EventRounds "8"]
[EventCountry "PER"]
[SourceTitle "CBM 181 Extra"]
[Source "ChessBase"]
[SourceDate "2017.12.12"]
[SourceVersion "1"]
[SourceVersionDate "2017.12.12"]
[SourceQuality "1"]

1. c4 g6 2. Nc3 Bg7 3. g3 Nf6 4. Bg2 0-0 5. Nf3 c6 6. 0-0 d6 7. d4 d5 8. Ne5 Be6 9. cxd5 Nxd5 10. Nf3 Nxc3 11. bxc3 Bf5 12. Nh4 Be6 13. Qa4 Qd7 14. Rb1 b5 15. Qa3 Bc4 16. Re1 Re8 17. Nf3 f6 18. Nd2 Be6 19. Ne4 Bc4 20. Nd2 Be6 21. Nb3 Bc4 22. Na5 Bd5 23. e4 Be6 24. Bf4 a6 25. Rbd1 g5 26. Bxb8 Rexb8 27. d5 cxd5 28. exd5 Bg4 1-0